Представление документа в формате RUSMARC

ПолеНазваниеЗначение
  Тип записи a
  Библиографический уровень a
001 Контрольный номер RU/CBS_UL/BASE/86122037be1c4ca8970885d926888dbf
005 Дата корректировки 20250425150254.8
100 Данные общей обработки __
a Данные общей обработки 20250425 ||| 0rusy0189 ca
101 Язык документа 0_
a Язык текста rus
102 Страна публикации __
a Страна публикации RU
200 Заглавие и сведения об ответственности 1_
a Заглавие Секретные болезни вождей
e Сведения, относящиеся к заглавию [чем болели генеральные секретари СССР]
f Первые сведения об ответственности Д. Митюрин
300 Общие примечания __
a Общие примечания 16+
461 Уровень набора _0
1 2000
a Тайны СССР
463 Уровень физической единицы _0
1 2000
a № 7
v С. 18-20 : фото
1 2101
d 2025
1 001RU/CBS_UL/BASE/27edc7aeb956409ea6cce3dd4c6e6569
600 Персоналии _1
a Персоналии (Фамилия) Ленин
b Персоналии (Имя, инициалы) В. И.
600 Персоналии _1
a Персоналии (Фамилия) Сталин
b Персоналии (Имя, инициалы) И. В.
600 Персоналии _1
a Персоналии (Фамилия) Хрущёв
b Персоналии (Имя, инициалы) Н. С.
600 Персоналии _1
a Персоналии (Фамилия) Брежнев
b Персоналии (Имя, инициалы) Л. И.
600 Персоналии _1
a Персоналии (Фамилия) Андропов
b Персоналии (Имя, инициалы) Ю. В.
600 Персоналии _1
a Персоналии (Фамилия) Черненко
b Персоналии (Имя, инициалы) К. У.
606 Тематические рубрики 0_
a Основная рубрика Политические деятели - СССР
610 Ключевые слова 0_
a Ключевые слова политические деятели
610 Ключевые слова 0_
a Ключевые слова советские политические деятели
610 Ключевые слова 0_
a Ключевые слова политические деятели советские
610 Ключевые слова 0_
a Ключевые слова генеральные секретари ЦК КПСС
610 Ключевые слова 0_
a Ключевые слова генсеки СССР
610 Ключевые слова 0_
a Ключевые слова первые лица СССР
610 Ключевые слова 0_
a Ключевые слова вожди
610 Ключевые слова 0_
a Ключевые слова советские вожди
610 Ключевые слова 0_
a Ключевые слова вожди советские
610 Ключевые слова 0_
a Ключевые слова болезни вождей
610 Ключевые слова 0_
a Ключевые слова кремлёвская медицина
610 Ключевые слова 0_
a Ключевые слова медицина кремлёвская
686 Индексы других классификаций __
2 Код системы rubbk
a Классификационный индекс 63.3(2)6
700 Автор _1
a Фамилия Митюрин
b Имя (инициалы) Д.
801 Источник записи _0
a Страна RU
b Организация МБУК ЦБС г. Ульяновска
c Дата составления 20250425
g Правила каталогизации RCR
801 Источник записи _1
a Страна RU
b Организация МБУК ЦБС г. Ульяновска
c Дата составления 20250425
g Правила каталогизации RCR
901 Тип документа __
t Тип документа b
w Контрольный № источника RU/CBS_UL/BASE/27edc7aeb956409ea6cce3dd4c6e6569
909 Создатель записи __
a Создатель записи lib2